Mutualidad (Record no. 1517)

MARC details
000 -LEADER
campo de control de longitud fija 00736nas a2200253 i 4500
001 - NÚMERO DE CONTROL
campo de control 1517
003 - IDENTIFICADOR DE NÚMERO DE CONTROL
campo de control ES-MaACL
005 - FECHA Y HORA DE LA ÚLTIMA TRANSACCIÓN
campo de control 20250721062535.0
007 - CAMPO FIJO DE DESCRIPCIÓN FÍSICA--INFORMACIÓN GENERAL
campo de control de longitud fija t|
008 - DATOS DE LONGITUD FIJA--INFORMACIÓN GENERAL
campo de control de longitud fija 950801d1908 sp | | 1 ||pa d
022 ## - NÚMERO INTERNACIONAL NORMALIZADO PARA PUBLICACIONES SERIADAS
Número Internacional Normalizado para Publicaciones Seriadas 2478-9054
080 ## - NÚMERO DE LA CLASIFICACIÓN DECIMAL UNIVERSAL
Número de la Clasificación Decimal Universal 368.032.2
245 00 - MENCIÓN DEL TÍTULO
Título Mutualidad
Resto del título : revista econónomico-social /
Mención de responsabilidad, etc. dir. José Manuel de Bayo.
260 ## - PUBLICACIÓN, DISTRIBUCIÓN, ETC.
Lugar de publicación, distribución, etc. Madrid :
Nombre del editor, distribuidor, etc. [Mutualidad],
Fecha de publicación, distribución, etc. 1908.
300 ## - DESCRIPCIÓN FÍSICA
Extensión 1 v. :
Otras características físicas il. ;
Dimensiones 23 cm.
310 ## - PERIODICIDAD ACTUAL
Periodicidad actual Mensual
362 0# - FECHAS DE PUBLICACIÓN Y/O DESIGNACIÓN SECUENCIAL
Fecha de publicación y/o designación secuencial Año 1, n. 1 (en. 1908)- (1908?)
650 17 - PUNTO DE ACCESO ADICIONAL DE MATERIA--TÉRMINO DE MATERIA
Término de materia o nombre geográfico como elemento de entrada Economía
Fuente del encabezamiento o término embne
9 (RLIN) 12006
650 #4 - PUNTO DE ACCESO ADICIONAL DE MATERIA--TÉRMINO DE MATERIA
Término de materia o nombre geográfico como elemento de entrada Mutualidades-
Subdivisión geográfica España.
9 (RLIN) 162717
700 1# - ENTRADA AGREGADA--NOMBRE PERSONAL
Nombre de persona Bayo, José Manuel de,
Término indicativo de función/relación
9 (RLIN) 194224
852 ## - LOCALIZACIÓN
Ubicación ES-MaACL
Número de control de estantería HEM-D-81
Encuadernación Hem-1272
Signatura antigua
866 #0 - MENCIÓN TEXTUAL DE FONDOS--UNIDAD BIBLIOGRÁFICA BÁSICA
Fondos 1908
Holdings
Estatus retirado Estado de pérdida Estado de daño No para préstamo Colección Biblioteca de origen Biblioteca actual Ubicación en estantería Fecha de adquisición Fuente de adquisición Total de préstamos Signatura topográfica completa Código de barras Visto por última vez Precio de reemplazo Tipo de ítem Koha
        Periódicos y Revistas Biblioteca del Ateneo de Madrid Biblioteca del Ateneo de Madrid Depósito 17/01/2008     HEM-D-81 1001549 23/02/2023 23/02/2023 Revista